[Event "Znojmo op-A"]
[Site "Znojmo"]
[Date "1997.??.??"]
[Round "?"]
[White "Adam, Petr"]
[Black "Krouzel, Jaroslav"]
[Result "1/2-1/2"]
[WhiteElo "2100"]
[BlackElo "2315"]
[PlyCount "111"]
[EventDate "1997.??.??"]
[Source "ChessBase"]
[SourceDate "1997.11.17"]

1. g3 f5 2. Bg2 Nf6 3. d3 e5 4. Nf3 Nc6 5. O-O Be7 6. c4 O-O 7. Nc3 d6 8. Rb1
Qe8 9. b4 Qh5 10. b5 Nd8 11. Nd5 Nxd5 12. cxd5 Nf7 13. Rb4 g5 14. Nd2 Bd7 15.
e4 g4 16. exf5 Bxf5 17. h3 Qg6 18. hxg4 Bxd3 19. Be4 Bxe4 20. Nxe4 Ng5 21. Bxg5
Bxg5 22. Kg2 Rf7 23. Qe2 Rg7 24. Ra4 Qf7 25. Rd1 Qd7 26. Rb1 a5 27. Rc4 b6 28.
Rb3 Rf8 29. a4 Bd8 30. Rbc3 Kh8 31. g5 Rff7 32. Qc2 Qf5 33. f3 Rf8 34. Rc6 Qf7
35. Nf6 Qg6 36. Qxg6 Rxg6 37. Rxc7 Bxf6 38. gxf6 Rgxf6 39. Rd7 e4 40. fxe4 Rf2+
41. Kh3 Ra2 42. Rxd6 Rxa4 43. Re6 Kg7 44. e5 Rd4 45. d6 a4 46. Rc7+ Rf7 47. Re8
a3 48. Ra8 a2 49. Raa7 Rxc7 50. dxc7 Rd7 51. e6 a1=Q 52. Rxa1 Rxc7 53. Rd1 Rc5
54. Rd7+ Kg6 55. e7 Kf7 56. Rb7 1/2-1/2

[Event "Znojmo op-A"]
[Site "Znojmo"]
[Date "1997.??.??"]
[Round "?"]
[White "Adam, Petr"]
[Black "Lukes, Ladislav"]
[Result "1/2-1/2"]
[WhiteElo "2100"]
[BlackElo "2185"]
[PlyCount "101"]
[EventDate "1997.??.??"]
[Source "ChessBase"]
[SourceDate "1997.11.17"]

1. Nf3 d5 2. c4 e6 3. g3 Nf6 4. Bg2 c5 5. O-O Nc6 6. b3 Be7 7. Bb2 O-O 8. e3 d4
9. exd4 cxd4 10. d3 e5 11. Re1 Bd6 12. Na3 Bg4 13. Nc2 a5 14. a3 Nd7 15. Rb1
Re8 16. Qd2 Qf6 17. Ng5 Qh6 18. Bc1 f6 19. Bd5+ Kf8 20. f3 Bf5 21. Ne4 Qxd2 22.
Bxd2 Be7 23. b4 axb4 24. axb4 Ra2 25. Rec1 Nb6 26. b5 Nd8 27. Nb4 Bxe4 28. Nxa2
Bxd5 29. cxd5 Nxd5 30. Nb4 Bxb4 31. Bxb4+ Kf7 32. Bd2 Ne6 33. b6 Ra8 34. Rb5
Rd8 35. Ba5 Rd7 36. Rc8 Nd8 37. Bb4 Ne6 38. Ba5 Ne7 39. Rc4 Nd8 40. Rc7 Ke6 41.
Bb4 Nec6 42. Bf8 g6 43. Bg7 Nb8 44. g4 Ndc6 45. f4 Kf7 46. g5 Kxg7 47. Rd5 Rf7
48. gxf6+ Kxf6 49. Rd6+ Kg7 50. Kg2 Re7 51. Kg3 1/2-1/2

[Event "Znojmo op-A"]
[Site "Znojmo"]
[Date "1997.??.??"]
[Round "?"]
[White "Adam, Petr"]
[Black "Petlak, Josef"]
[Result "1/2-1/2"]
[WhiteElo "2100"]
[BlackElo "2095"]
[PlyCount "170"]
[EventDate "1997.??.??"]
[Source "ChessBase"]
[SourceDate "1997.11.17"]

1. c4 Nf6 2. Nc3 d5 3. cxd5 Nxd5 4. g3 e6 5. Bg2 Be7 6. Qb3 c6 7. Nf3 O-O 8.
O-O b6 9. d4 Bb7 10. Rd1 Nd7 11. e4 N7f6 12. Bf4 Nh5 13. Be3 g6 14. Rd2 Re8 15.
Rad1 a6 16. Ne5 Nhf6 17. f4 Qb8 18. Bh3 Qd6 19. Nxf7 Kxf7 20. e5 Qc7 21. exf6
Nxf6 22. Bxe6+ Kg7 23. d5 cxd5 24. Qxb6 Qxb6 25. Bxb6 Ne4 26. Nxe4 dxe4 27. Rd7
Bc6 28. Rc7 Bb5 29. Bd7 Red8 30. Kf2 Kf8 31. a4 Bd3 32. Bc6 Rab8 33. a5 Rxb6
34. axb6 Bc5+ 35. Kg2 Bxb6 36. Rb7 Bd4 37. Re1 e3 38. Kf3 e2 39. Rxe2 Bxe2+ 40.
Kxe2 h6 41. Be4 g5 42. fxg5 hxg5 43. Kf3 Rd6 44. Kg4 Be3 45. b3 a5 46. h3 Bd2
47. Kf5 Rh6 48. Bg2 Rd6 49. Bf3 Be3 50. Rb5 Bd2 51. Rb7 Kg8 52. Rc7 Kf8 53. h4
gxh4 54. gxh4 Rb6 55. Bd5 Rh6 56. Rc4 Ke7 57. Re4+ Kf8 58. Bc4 Rh5+ 59. Kg4 Rh6
60. Re2 Rd6 61. Kf5 Bh6 62. h5 Bd2 63. Rg2 Bh6 64. Rg8+ Ke7 65. Rg6 Bd2 66.
Rg7+ Kf8 67. Rf7+ Ke8 68. Ra7 Kf8 69. Be6 Rd3 70. Bc4 Rf3+ 71. Ke4 Rf6 72. Rd7
Bc3 73. Kd3 Bb4 74. Rh7 Ke8 75. Ke4 Bf8 76. Ra7 Bb4 77. Ra8+ Ke7 78. Rh8 Bd2
79. Rh7+ Kf8 80. Rd7 Bc3 81. Rd3 Ba1 82. Rg3 Rh6 83. Rg5 Bg7 84. Rf5+ Ke7 85.
Kf4 Rf6 1/2-1/2

[Event "Znojmo op-A"]
[Site "Znojmo"]
[Date "1997.??.??"]
[Round "?"]
[White "Adam, Petr"]
[Black "Prenosil, Jiri"]
[Result "1/2-1/2"]
[WhiteElo "2100"]
[BlackElo "1945"]
[PlyCount "65"]
[EventDate "1997.??.??"]
[Source "ChessBase"]
[SourceDate "1997.11.17"]

1. d4 Nf6 2. Nf3 e6 3. g3 b6 4. Bg2 Bb7 5. O-O d6 6. Nbd2 Nbd7 7. Re1 e5 8. e4
Qe7 9. c3 g6 10. Qa4 Bg7 11. Nc4 O-O 12. Bg5 h6 13. Bxf6 Bxf6 14. Bh3 Nb8 15.
dxe5 dxe5 16. Ne3 Bc6 17. Qc2 Rd8 18. Nd5 Bxd5 19. exd5 Qd6 20. Bg2 Nd7 21. Nd2
Rab8 22. Rad1 Bg7 23. c4 f5 24. a3 a5 25. Nb1 b5 26. cxb5 Rxb5 27. Nc3 Rc5 28.
Qe2 e4 29. Na4 Rxd5 30. Rxd5 Qxd5 31. Rd1 Bd4 32. Nc3 Qc5 33. Na4 1/2-1/2

[Event "Znojmo op-A"]
[Site "Znojmo"]
[Date "1997.??.??"]
[Round "?"]
[White "Amerling, Miroslav"]
[Black "Balsinek, Pavel"]
[Result "1/2-1/2"]
[WhiteElo "2005"]
[BlackElo "1885"]
[PlyCount "75"]
[EventDate "1997.??.??"]
[Source "ChessBase"]
[SourceDate "1997.11.17"]

1. Nf3 Nf6 2. c4 g6 3. g3 Bg7 4. Bg2 O-O 5. O-O d6 6. Nc3 e5 7. d3 c6 8. Rb1 a5
9. a3 Nh5 10. d4 Bf5 11. e4 Bg4 12. Be3 Nd7 13. h3 Bxf3 14. Bxf3 exd4 15. Bxd4
Nhf6 16. Bg2 Re8 17. f4 Qc7 18. Re1 Nc5 19. Kh2 Ne6 20. Bf2 Nd7 21. Qd2 Ndc5
22. Rbd1 Rad8 23. Qc2 a4 24. Nxa4 Nxa4 25. Qxa4 Bxb2 26. Qb3 Bg7 27. Bb6 Qe7
28. Bxd8 Rxd8 29. Qb6 Rd7 30. Re2 g5 31. Qf2 gxf4 32. gxf4 Nxf4 33. Re3 Be5 34.
Kh1 Kh8 35. Rg3 Ng6 36. Rg4 h5 37. Rxg6 fxg6 38. Rf1 1/2-1/2

[Event "Znojmo op-A"]
[Site "Znojmo"]
[Date "1997.??.??"]
[Round "?"]
[White "Balsinek, Pavel"]
[Black "Adam, Petr"]
[Result "0-1"]
[WhiteElo "1885"]
[BlackElo "2100"]
[PlyCount "58"]
[EventDate "1997.??.??"]
[Source "ChessBase"]
[SourceDate "1997.11.17"]

1. e4 e6 2. d4 b6 3. Nc3 Bb7 4. f4 Bb4 5. Bd3 Nf6 6. Qe2 c5 7. dxc5 bxc5 8. Bd2
Nc6 9. Nf3 Nd4 10. Nxd4 cxd4 11. Nb1 Be7 12. O-O Qb6 13. Na3 Bxe4 14. Nc4 Qb7
15. Rae1 d5 16. Ne5 h5 17. Bb5+ Kf8 18. Bc6 Qb6 19. Bxa8 d3+ 20. Qe3 Bc5 21.
cxd3 Bxe3+ 22. Bxe3 d4 23. Bf2 Bxa8 24. Bh4 Qb7 25. Rf2 Ng4 26. Nxg4 hxg4 27.
Bg3 Rh5 28. f5 Rg5 29. Bd6+ Kg8 0-1

[Event "Znojmo op-A"]
[Site "Znojmo"]
[Date "1997.??.??"]
[Round "?"]
[White "Balsinek, Pavel"]
[Black "Lukes, Ladislav"]
[Result "0-1"]
[WhiteElo "1885"]
[BlackElo "2185"]
[PlyCount "84"]
[EventDate "1997.??.??"]
[Source "ChessBase"]
[SourceDate "1997.11.17"]

1. e4 Nf6 2. e5 Nd5 3. d4 d6 4. Nf3 g6 5. Bc4 Nb6 6. Bb3 Bg7 7. Ng5 e6 8. f4
dxe5 9. fxe5 c5 10. c3 cxd4 11. O-O O-O 12. cxd4 Nc6 13. Nf3 h6 14. Nc3 Ne7 15.
Ne4 Nbd5 16. Qe1 Bd7 17. Nf6+ Kh8 18. Qh4 Nf5 19. Qh3 Nxf6 20. exf6 Qxf6 21.
Ne5 Bb5 22. Rf2 Rad8 23. g4 Qh4 24. Qxh4 Nxh4 25. Be3 f6 26. Nc4 Rfe8 27. a4
Bc6 28. Nd2 f5 29. g5 hxg5 30. d5 f4 31. Bxa7 Bxd5 32. Bb6 Rd6 33. Bxd5 Rxb6
34. Nc4 Rb4 35. Nd6 Re7 36. Bxb7 Bd4 37. a5 Rxb2 38. Raf1 g4 39. a6 g3 40. hxg3
fxg3 41. Ne4 gxf2+ 42. Nxf2 Rf7 0-1

[Event "Znojmo op-A"]
[Site "Znojmo"]
[Date "1997.??.??"]
[Round "?"]
[White "Balsinek, Pavel"]
[Black "Molik, Zdenek"]
[Result "1-0"]
[WhiteElo "1885"]
[BlackElo "2075"]
[PlyCount "101"]
[EventDate "1997.??.??"]
[Source "ChessBase"]
[SourceDate "1997.11.17"]

1. e4 c5 2. Nf3 a6 3. Nc3 e6 4. d4 cxd4 5. Nxd4 Bb4 6. Be2 Nf6 7. O-O Nc6 8.
Be3 O-O 9. f4 Bxc3 10. bxc3 Nxe4 11. Qd3 f5 12. Bf3 d5 13. Nxc6 bxc6 14. Bd4 a5
15. Bxe4 dxe4 16. Qg3 Rf7 17. Rad1 Qe7 18. Kh1 Ba6 19. Rfe1 Bc4 20. Be5 Bxa2
21. Rd6 Bd5 22. Qf2 Rd8 23. Rxd8+ Qxd8 24. Rb1 Rf8 25. Qa7 Rf7 26. Qc5 e3 27.
Qxe3 Qe7 28. c4 Be4 29. Qd2 h6 30. Qxa5 Qh4 31. Qd2 Ra7 32. Kg1 Kh7 33. h3 Qg3
34. Rb3 Qh4 35. Kh2 Qe7 36. Rg3 Rd7 37. Qe2 g6 38. Qf2 Rd1 39. Rb3 Rd8 40. Rb6
Qd7 41. Ra6 Qf7 42. Ra7 Rd7 43. Ra8 g5 44. fxg5 hxg5 45. Rh8+ Kg6 46. Qe2 f4
47. Qxe4+ Qf5 48. Rg8+ Kh7 49. Qxf5+ exf5 50. Rxg5 Rd2 51. Rxf5 1-0

[Event "Znojmo op-A"]
[Site "Znojmo"]
[Date "1997.??.??"]
[Round "?"]
[White "Balsinek, Pavel"]
[Black "Mucha, Karel"]
[Result "1-0"]
[WhiteElo "1885"]
[BlackElo "1930"]
[PlyCount "37"]
[EventDate "1997.??.??"]
[Source "ChessBase"]
[SourceDate "1997.11.17"]

1. e4 e5 2. f4 d5 3. exd5 Qxd5 4. Nc3 Qe6 5. fxe5 Qxe5+ 6. Be2 Bg4 7. d4 Bxe2
8. Ngxe2 Qh5 9. Bf4 Na6 10. Qd2 O-O-O 11. O-O f6 12. a3 Nc5 13. Qe3 Re8 14. Qf2
Ne6 15. b4 g5 16. Bg3 Nd8 17. Qf5+ Kb8 18. Qd7 Qf7 19. Bxc7+ 1-0

[Event "Znojmo op-A"]
[Site "Znojmo"]
[Date "1997.??.??"]
[Round "?"]
[White "Balsinek, Pavel"]
[Black "Zdenek, Petr"]
[Result "1/2-1/2"]
[WhiteElo "1885"]
[BlackElo "2145"]
[PlyCount "72"]
[EventDate "1997.??.??"]
[Source "ChessBase"]
[SourceDate "1997.11.17"]

1. e4 c5 2. Nf3 Nc6 3. d4 cxd4 4. Nxd4 g6 5. Nc3 Bg7 6. Be3 Nf6 7. Bc4 O-O 8.
Bb3 a5 9. a4 Ng4 10. Nxc6 Nxe3 11. Nxd8 Nxd1 12. Rxd1 Rxd8 13. O-O Bxc3 14.
bxc3 d6 15. e5 Be6 16. exd6 Rxd6 17. Rxd6 exd6 18. Rd1 Rc8 19. Rd3 Kf8 20. f3
Ke7 21. Kf2 h5 22. h4 Rc5 23. Ke1 b5 24. Kd2 bxa4 25. Bxa4 Rc4 26. Rd4 Rxd4+
27. cxd4 d5 28. c3 Bd7 29. Bd1 Kf6 30. g3 Bb5 31. f4 Ke6 32. Kc1 f5 33. Kb2 Kd6
34. Ka3 Kc6 35. Bb3 Kd6 36. Ba4 Kc6 1/2-1/2

[Event "Znojmo op-A"]
[Site "Znojmo"]
[Date "1997.??.??"]
[Round "?"]
[White "Bilek, Roman"]
[Black "Dobes, Oldrich"]
[Result "1-0"]
[WhiteElo "1855"]
[BlackElo "1935"]
[PlyCount "45"]
[EventDate "1997.??.??"]
[Source "ChessBase"]
[SourceDate "1997.11.17"]

1. Nf3 Nf6 2. c4 e6 3. Nc3 Bb4 4. g3 b6 5. Bg2 Bb7 6. O-O O-O 7. Qc2 Qe7 8. d3
Bxc3 9. Qxc3 d6 10. e4 e5 11. Nh4 c5 12. f4 h6 13. Nf5 Qe6 14. Bh3 Kh7 15. Be3
h5 16. Qd2 g6 17. fxe5 dxe5 18. Bh6 Rd8 19. Bg7 Ng8 20. Qg5 Nd7 21. Nh6 f5 22.
exf5 Qc6 23. fxg6+ 1-0

[Event "Znojmo op-A"]
[Site "Znojmo"]
[Date "1997.??.??"]
[Round "?"]
[White "Bilek, Roman"]
[Black "Nekula, Richard"]
[Result "1/2-1/2"]
[WhiteElo "1855"]
[BlackElo "2020"]
[PlyCount "101"]
[EventDate "1997.??.??"]
[Source "ChessBase"]
[SourceDate "1997.11.17"]

1. d4 Nf6 2. c4 c5 3. d5 b5 4. cxb5 a6 5. Nc3 g6 6. e4 axb5 7. Bxb5 Qa5 8. Qe2
Ba6 9. Bxa6 Nxa6 10. Nf3 d6 11. O-O Bg7 12. Qb5+ Qxb5 13. Nxb5 Nxe4 14. Re1 f5
15. Ng5 Nb4 16. Nxe4 fxe4 17. Nc7+ Kf7 18. Nxa8 Nc2 19. Rxe4 Nxa1 20. Nb6 Rb8
21. Nc4 Nc2 22. a3 Rb3 23. Bg5 Bf6 24. Bxf6 Kxf6 25. h3 Rd3 26. Re2 Rd1+ 27.
Kh2 Nd4 28. Rd2 Rxd2 29. Nxd2 Ke5 30. Kg3 Kxd5 31. Kf4 h6 32. Ke3 Nc2+ 33. Ke2
c4 34. g3 c3 35. Kd3 Nxa3 36. bxa3 cxd2 37. Kxd2 Kc4 38. Kc2 e6 39. h4 h5 40.
f3 e5 41. Kb2 d5 42. Kc2 Kb5 43. Kb3 Ka5 44. a4 Ka6 45. Kb4 Kb6 46. Kb3 Kc5 47.
g4 e4 48. gxh5 exf3 49. hxg6 f2 50. g7 f1=Q 51. g8=Q 1/2-1/2

[Event "Znojmo op-A"]
[Site "Znojmo"]
[Date "1997.??.??"]
[Round "?"]
[White "Bilek, Roman"]
[Black "Petlak, Josef"]
[Result "0-1"]
[WhiteElo "1855"]
[BlackElo "2095"]
[PlyCount "154"]
[EventDate "1997.??.??"]
[Source "ChessBase"]
[SourceDate "1997.11.17"]

1. d4 d5 2. Nf3 Nf6 3. c4 e6 4. Bg5 Be7 5. Nc3 O-O 6. e3 h6 7. Bh4 b6 8. Be2
dxc4 9. Bxc4 Bb7 10. O-O Ne4 11. Bxe7 Qxe7 12. Rc1 Nd7 13. Nxe4 Bxe4 14. Qe2 c5
15. Rc3 Bxf3 16. Qxf3 cxd4 17. exd4 Nf6 18. Rfc1 Rac8 19. Bb3 Rxc3 20. Qxc3 Qd6
21. h3 Rd8 22. Qc7 Qxc7 23. Rxc7 Rd7 24. Rxd7 Nxd7 25. f4 Kf8 26. Kf2 Ke7 27.
g4 f6 28. Ke3 Kd6 29. Bc4 Nb8 30. Ke4 Nc6 31. d5 exd5+ 32. Bxd5 Ne7 33. Bf7 Kc5
34. a3 a5 35. h4 Kd6 36. Kd4 Kc6 37. Ke4 Kd6 38. g5 fxg5 39. hxg5 hxg5 40. fxg5
Nc8 41. Kd4 Ne7 42. Kc4 Nf5 43. Bg6 Ne3+ 44. Kd4 Ng4 45. Be4 Ne5 46. Bd5 Nd7
47. b4 axb4 48. axb4 Nf8 49. Kc4 Nh7 50. g6 Nf6 51. Bf3 Nd7 52. Kb5 Kc7 53. Bc6
Nf8 54. Be8 Ne6 55. Bf7 Nd4+ 56. Kc4 Nc6 57. b5 Ne7 58. Kd4 Kd6 59. Be8 Nd5 60.
Bc6 Nc7 61. Kc4 Ke5 62. Bf3 Kf5 63. Bc6 Kxg6 64. Kd4 Kf5 65. Ke3 Ke5 66. Kf3
Ne6 67. Kg4 Kf6 68. Bd7 Nd4 69. Be8 Ke7 70. Bh5 Nxb5 71. Kg5 Nd6 72. Kg6 Kf8
73. Bf3 b5 74. Bg4 b4 75. Be6 Nb5 76. Ba2 Nd4 77. Bb1 b3 0-1

[Event "Znojmo op-A"]
[Site "Znojmo"]
[Date "1997.??.??"]
[Round "?"]
[White "Bilek, Roman"]
[Black "Skaroupka, Jiri"]
[Result "0-1"]
[WhiteElo "1855"]
[BlackElo "2105"]
[PlyCount "68"]
[EventDate "1997.??.??"]
[Source "ChessBase"]
[SourceDate "1997.11.17"]

1. d4 Nf6 2. c4 g6 3. Nc3 Bg7 4. e4 d6 5. Nf3 O-O 6. Be2 e5 7. O-O Nc6 8. d5
Ne7 9. b4 Nh5 10. Re1 Nf4 11. Bf1 f5 12. Nd2 g5 13. g3 Nfg6 14. exf5 Nxf5 15.
Nde4 g4 16. Bg5 Qe8 17. c5 dxc5 18. bxc5 Nd4 19. Bg2 Nf3+ 20. Bxf3 gxf3 21. a4
h6 22. Bc1 Qd7 23. Re3 Qg4 24. Ra3 Nf4 25. Nd2 Nh3+ 26. Kf1 Ng5 27. Nb5 e4 28.
Nxc7 Qh3+ 29. Ke1 Qg2 30. Nxf3 Nxf3+ 31. Rxf3 exf3 32. Nxa8 Qg1+ 33. Kd2 Qxf2+
34. Kd3 Qd4+ 0-1

[Event "Znojmo op-A"]
[Site "Znojmo"]
[Date "1997.??.??"]
[Round "?"]
[White "Dobes, Oldrich"]
[Black "Jurica, Peter"]
[Result "1/2-1/2"]
[WhiteElo "1935"]
[BlackElo "2155"]
[PlyCount "91"]
[EventDate "1997.??.??"]
[Source "ChessBase"]
[SourceDate "1997.11.17"]

1. e4 Nf6 2. Nc3 d5 3. exd5 Nxd5 4. d4 Nxc3 5. bxc3 e5 6. Bc4 exd4 7. Ne2 Bg4
8. f3 Bh5 9. cxd4 Bd6 10. Bf4 O-O 11. O-O Re8 12. Qd2 Bg6 13. Rad1 Nc6 14. Bxd6
Qxd6 15. Bb5 a6 16. Bxc6 Qxc6 17. Nf4 Qc4 18. c3 f6 19. Nxg6 hxg6 20. Qb2 b5
21. Rfe1 c5 22. Qb3 cxd4 23. Qxc4+ bxc4 24. cxd4 Kf7 25. Kf2 Rxe1 26. Rxe1 Rb8
27. Ke3 Ke6 28. Kd2+ Kd5 29. Kc3 Rb7 30. Re8 Rb1 31. Rd8+ Kc6 32. Ra8 Rc1+ 33.
Kb4 c3 34. Rc8+ Kd5 35. Rxc3 a5+ 36. Kb3 Rb1+ 37. Ka3 Kxd4 38. Rc2 Kd3 39. Rb2
Rg1 40. Ka4 Kc3 41. Re2 Kd3 42. Rf2 Re1 43. Kxa5 Kc3 44. Kb5 Re5+ 45. Kc6 g5
46. Kd6 1/2-1/2

[Event "Znojmo op-A"]
[Site "Znojmo"]
[Date "1997.??.??"]
[Round "?"]
[White "Dobes, Oldrich"]
[Black "Lukes, Ladislav"]
[Result "0-1"]
[WhiteElo "1935"]
[BlackElo "2185"]
[PlyCount "60"]
[EventDate "1997.??.??"]
[Source "ChessBase"]
[SourceDate "1997.11.17"]

1. e4 Nf6 2. e5 Nd5 3. c4 Nb6 4. d4 d6 5. exd6 exd6 6. Nf3 Be7 7. Bd3 O-O 8.
O-O Bg4 9. Nbd2 Nc6 10. Be2 d5 11. c5 Nc8 12. Ne5 Bxe2 13. Nxc6 Bxd1 14. Nxd8
Be2 15. Nxb7 Bxf1 16. Kxf1 a5 17. Nb3 a4 18. N3a5 Bf6 19. Be3 Ne7 20. g4 g5 21.
Rb1 Ra6 22. b4 axb3 23. axb3 Rb8 24. b4 Nc6 25. b5 Rxa5 26. Nxa5 Nxa5 27. b6
cxb6 28. Rb5 Nc4 29. c6 Rc8 30. Rxd5 Nxe3+ 0-1

[Event "Znojmo op-A"]
[Site "Znojmo"]
[Date "1997.??.??"]
[Round "?"]
[White "Dobes, Oldrich"]
[Black "Martinec, Karel"]
[Result "1/2-1/2"]
[WhiteElo "1935"]
[BlackElo "1960"]
[PlyCount "81"]
[EventDate "1997.??.??"]
[Source "ChessBase"]
[SourceDate "1997.11.17"]

1. e4 e5 2. Nf3 Nc6 3. Bb5 a6 4. Ba4 Nf6 5. O-O Nxe4 6. d4 b5 7. Bb3 d5 8. dxe5
Be6 9. c3 Be7 10. Nbd2 O-O 11. Re1 Nc5 12. Bc2 d4 13. Ne4 d3 14. Nxc5 dxc2 15.
Qxd8 Raxd8 16. Nxe6 fxe6 17. Be3 Rd5 18. Rac1 Nxe5 19. Nxe5 Rxe5 20. Rxc2 Bc5
21. Rce2 Bxe3 22. Rxe3 Rxe3 23. Rxe3 Rd8 24. f3 Kf7 25. Kf2 Rd1 26. Re2 c5 27.
a3 Kf6 28. Ke3 a5 29. Rd2 Rb1 30. Kd3 Rh1 31. a4 b4 32. Kc4 Rxh2 33. Kb5 bxc3
34. bxc3 h5 35. Kxc5 h4 36. Rd4 g5 37. Rg4 h3 38. gxh3 Rxh3 39. f4 Rxc3+ 40.
Kb6 gxf4 41. Rxf4+ 1/2-1/2

[Event "Znojmo op-A"]
[Site "Znojmo"]
[Date "1997.??.??"]
[Round "?"]
[White "Dobes, Oldrich"]
[Black "Zeman, Jiri"]
[Result "1/2-1/2"]
[WhiteElo "1935"]
[BlackElo "1875"]
[PlyCount "23"]
[EventDate "1997.??.??"]
[Source "ChessBase"]
[SourceDate "1997.11.17"]

1. e4 e6 2. d4 d5 3. Nd2 dxe4 4. Nxe4 Nd7 5. Nf3 Ngf6 6. Bd3 Nxe4 7. Bxe4 Nf6
8. Bd3 Be7 9. O-O O-O 10. Bg5 b6 11. Qe2 Bb7 12. c3 1/2-1/2

[Event "Znojmo op-A"]
[Site "Znojmo"]
[Date "1997.??.??"]
[Round "?"]
[White "Dolezal, Jiri"]
[Black "Dobes, Oldrich"]
[Result "0-1"]
[WhiteElo "1820"]
[BlackElo "1935"]
[PlyCount "78"]
[EventDate "1997.??.??"]
[Source "ChessBase"]
[SourceDate "1997.11.17"]

1. e4 c5 2. Nf3 Nc6 3. Bb5 Qc7 4. O-O e6 5. Re1 d6 6. c3 Nf6 7. d4 Be7 8. Bg5
O-O 9. Qe2 a6 10. Bxc6 Qxc6 11. Nbd2 Qc7 12. e5 dxe5 13. dxe5 Nd5 14. Bxe7 Nxe7
15. Ne4 b6 16. Rad1 Bb7 17. Nd6 Rad8 18. Ng5 Nd5 19. Qg4 Bc8 20. Rd3 f5 21. Qh4
h6 22. Rh3 Qe7 23. Nf3 Qxh4 24. Rxh4 Bd7 25. Nd2 Bc6 26. f4 Ne7 27. Rh3 Bd5 28.
c4 Ba8 29. Nb3 Ng6 30. Rd3 Nxf4 31. Rd2 Ng6 32. g3 Rd7 33. h4 Rfd8 34. h5 Nxe5
35. Rxe5 Rxd6 36. Rde2 Be4 37. Kf2 Kf7 38. Ke3 Rd3+ 39. Kf2 Rf3+ 0-1

[Event "Znojmo op-A"]
[Site "Znojmo"]
[Date "1997.??.??"]
[Round "?"]
[White "Dolezal, Jiri"]
[Black "Dvorak, Libor"]
[Result "0-1"]
[WhiteElo "1820"]
[BlackElo "1965"]
[PlyCount "120"]
[EventDate "1997.??.??"]
[Source "ChessBase"]
[SourceDate "1997.11.17"]

1. e4 c5 2. c3 d6 3. Bb5+ Nc6 4. d4 Bd7 5. Be3 Nf6 6. f3 e6 7. Ne2 Be7 8. Nd2
O-O 9. a4 Qc7 10. O-O a6 11. Bd3 cxd4 12. Nxd4 Ne5 13. Be2 d5 14. f4 Nc4 15.
Nxc4 dxc4 16. e5 Nd5 17. Bc1 Rac8 18. Bf3 Bc6 19. Qe2 Qd7 20. a5 Bb5 21. Bxd5
Qxd5 22. Qf3 Rfd8 23. Be3 Bc5 24. Rfd1 Qxf3 25. gxf3 Rd5 26. Kf2 Be7 27. Ke2
Kf8 28. Nc2 Rcd8 29. Rxd5 Rxd5 30. Bb6 g5 31. Be3 Bd8 32. Nd4 gxf4 33. Bxf4 Be8
34. Bh6+ Ke7 35. Bg5+ Kd7 36. Bxd8 Rxe5+ 37. Kf2 Kxd8 38. f4 Rh5 39. Kg3 Rd5
40. Kf3 Ke7 41. Ra3 f6 42. b4 Bc6 43. Kf2 Bd7 44. Ra1 Rh5 45. Kg3 e5 46. Re1
Rh3+ 47. Kg2 Rxc3 48. fxe5 Bh3+ 49. Kf2 f5 50. Rd1 Bg4 51. Re1 Rd3 52. Ne2 Rd2
53. Ke3 Rxe2+ 54. Rxe2 Bxe2 55. Kxe2 Ke6 56. Kd2 Kxe5 57. Kc3 Kd5 58. h4 h5 59.
Kc2 Kd4 60. Kd2 c3+ 0-1

[Event "Znojmo op-A"]
[Site "Znojmo"]
[Date "1997.??.??"]
[Round "?"]
[White "Dolezal, Jiri"]
[Black "Fuchs, Ludek"]
[Result "0-1"]
[WhiteElo "1820"]
[BlackElo "1840"]
[PlyCount "72"]
[EventDate "1997.??.??"]
[Source "ChessBase"]
[SourceDate "1997.11.17"]

1. e4 c5 2. Nf3 Nc6 3. Bb5 g6 4. O-O Bg7 5. Re1 Nf6 6. c3 O-O 7. d4 Qb6 8. Bxc6
dxc6 9. dxc5 Qxc5 10. e5 Nd5 11. h3 Bf5 12. Qe2 Rad8 13. Nd4 b5 14. Nxf5 gxf5
15. Bd2 Nb6 16. b3 e6 17. Kh1 Rd5 18. f4 Rfd8 19. Be3 Qe7 20. Nd2 Rd3 21. Bd4
Rg3 22. Kh2 Rg6 23. Qf2 Bh6 24. g3 Bf8 25. b4 Qc7 26. Nb3 Rd5 27. Red1 Be7 28.
Rd3 Kh8 29. Rad1 Rg8 30. Nc5 Rgd8 31. Qe2 Nd7 32. Nb3 c5 33. bxc5 Nxc5 34. Nxc5
Bxc5 35. Bxc5 Qxc5 36. Kg2 Qc4 0-1

[Event "Znojmo op-A"]
[Site "Znojmo"]
[Date "1997.??.??"]
[Round "?"]
[White "Dolezal, Jiri"]
[Black "Masek, Jan"]
[Result "0-1"]
[WhiteElo "1820"]
[BlackElo "1940"]
[PlyCount "75"]
[EventDate "1997.??.??"]
[Source "ChessBase"]
[SourceDate "1997.11.17"]

1. e4 e5 2. Nc3 Nf6 3. Bc4 Be7 4. Nf3 d6 5. h3 O-O 6. d4 exd4 7. Nxd4 Nxe4 8.
Nxe4 d5 9. Nb5 dxc4 10. Bf4 Na6 11. O-O Bd7 12. Nd4 Nc5 13. Re1 Nxe4 14. Rxe4
Bf6 15. c3 b5 16. Qh5 c6 17. Qc5 Re8 18. Rae1 Rxe4 19. Rxe4 Qb6 20. Bd6 Qxc5
21. Bxc5 a6 22. a3 g6 23. Kf1 Re8 24. Rxe8+ Bxe8 25. f4 h5 26. Kf2 Bd7 27. Kf3
Be6 28. Kf2 Bd5 29. g3 h4 30. g4 g5 31. f5 Be5 32. Kg1 Kg7 33. Ne2 Bf3 34. Nc1
Bf4 35. Na2 a5 36. Bd4+ f6 37. Bb6 Be4 38. Bxa5 0-1

[Event "Znojmo op-A"]
[Site "Znojmo"]
[Date "1997.??.??"]
[Round "?"]
[White "Dolezal, Jiri"]
[Black "Zeman, Jiri"]
[Result "1/2-1/2"]
[WhiteElo "1820"]
[BlackElo "1875"]
[PlyCount "41"]
[EventDate "1997.??.??"]
[Source "ChessBase"]
[SourceDate "1997.11.17"]

1. e4 e6 2. d4 d5 3. exd5 exd5 4. Nf3 Nf6 5. Be2 Bg4 6. Bg5 Be7 7. O-O O-O 8.
Ne5 Bxe2 9. Qxe2 Re8 10. Qd3 Ne4 11. Bxe7 Rxe7 12. Nd2 Nxd2 13. Qxd2 Nd7 14.
Nxd7 Qxd7 15. Rfe1 Rae8 16. c3 c6 17. f3 f6 18. Kf2 Qd6 19. g3 Qd7 20. Rxe7
Rxe7 21. Re1 1/2-1/2

[Event "Znojmo op-A"]
[Site "Znojmo"]
[Date "1997.??.??"]
[Round "?"]
[White "Dvorak, Libor"]
[Black "Jurica, Peter"]
[Result "0-1"]
[WhiteElo "1965"]
[BlackElo "2155"]
[PlyCount "48"]
[EventDate "1997.??.??"]
[Source "ChessBase"]
[SourceDate "1997.11.17"]

1. Nf3 f5 2. g3 d6 3. Bg2 g6 4. c4 Bg7 5. Nc3 Nf6 6. Rb1 a5 7. a3 O-O 8. b4
axb4 9. axb4 e5 10. d3 c6 11. Qb3 Kh8 12. c5 e4 13. dxe4 fxe4 14. Ng5 d5 15.
Bf4 Nh5 16. e3 Nxf4 17. gxf4 h6 18. h4 Bf5 19. Rd1 Qe7 20. Nxd5 cxd5 21. Qxd5
Nc6 22. b5 Nb4 23. Qd6 Qxd6 24. cxd6 hxg5 0-1

[Event "Znojmo op-A"]
[Site "Znojmo"]
[Date "1997.??.??"]
[Round "?"]
[White "Dvorak, Libor"]
[Black "Krouzel, Jaroslav"]
[Result "0-1"]
[WhiteElo "1965"]
[BlackElo "2315"]
[PlyCount "42"]
[EventDate "1997.??.??"]
[Source "ChessBase"]
[SourceDate "1997.11.17"]

1. Nf3 d5 2. c4 d4 3. d3 g6 4. g3 Bg7 5. Bg2 Nf6 6. b4 a5 7. b5 O-O 8. Ba3 Re8
9. Nbd2 e5 10. O-O Nbd7 11. Qc2 Nb6 12. Bb2 Nh5 13. Rad1 Bg4 14. h3 Bd7 15. e3
dxe3 16. fxe3 Nxg3 17. Rf2 Nf5 18. Nf1 Nh4 19. Nxh4 Qxh4 20. Kh2 Rad8 21. d4
Nxc4 0-1

[Event "Znojmo op-A"]
[Site "Znojmo"]
[Date "1997.??.??"]
[Round "?"]
[White "Dvorak, Libor"]
[Black "Talpa, Pavel"]
[Result "1-0"]
[WhiteElo "1965"]
[BlackElo "1825"]
[PlyCount "49"]
[EventDate "1997.??.??"]
[Source "ChessBase"]
[SourceDate "1997.11.17"]

1. Nf3 Nf6 2. g3 g6 3. Bg2 Bg7 4. O-O c5 5. c4 O-O 6. d4 d6 7. Nc3 Nbd7 8. Qc2
cxd4 9. Nxd4 Nc5 10. b3 Qb6 11. h3 Nfd7 12. Be3 Ne5 13. Rfd1 Bd7 14. Rac1 Qd8
15. f4 Nc6 16. Nxc6 bxc6 17. b4 Na6 18. b5 Nb8 19. c5 Qc7 20. cxd6 exd6 21.
bxc6 Bf5 22. Nd5 Qa5 23. Ne7+ Kh8 24. Nxf5 Qxf5 25. Qxf5 1-0

[Event "Znojmo op-A"]
[Site "Znojmo"]
[Date "1997.??.??"]
[Round "?"]
[White "Dvorak, Libor"]
[Black "Vecera, Pavel"]
[Result "1/2-1/2"]
[WhiteElo "1965"]
[BlackElo "2160"]
[PlyCount "31"]
[EventDate "1997.??.??"]
[Source "ChessBase"]
[SourceDate "1997.11.17"]

1. Nf3 Nf6 2. g3 b6 3. Bg2 Bb7 4. O-O e6 5. c4 Be7 6. Nc3 c5 7. b3 d5 8. e3 Ne4
9. Bb2 Bf6 10. Qc2 Nxc3 11. Bxc3 Nc6 12. cxd5 Nb4 13. Qb2 Nxd5 14. Bxf6 Qxf6
15. Qxf6 Nxf6 16. d4 1/2-1/2